La parure en callaïs du néolithique européen /

Callaïs refers to the green stones from which the remarkable ornaments discovered in several Neolithic sites in Western Europe are made. This volume brings together the contributions of the best European specialists in callas̈, variscite and turquoise, who spoke at a symposium on this ancient gemsto...

وصف كامل

محفوظ في:

مؤلفون آخرون: Querré, G. (المحرر), Cassen, Serge (المحرر), Vigier, Emmanuel (المحرر)

التنسيق: كتاب الكتروني

اللغة: English
French

منشور في: Summertown, Oxford : Archaeopress Publishing Ltd., 2019.

الموضوعات:

الوصول للمادة أونلاين: Login to view Source

الوسوم: إضافة وسم

لا توجد وسوم, كن أول من يضع وسما على هذه التسجيلة!

رقم الطلب: GN776.2.A1

LEADER 02153nam a2200457 i 4500
001 EDZ0002100033
003 StDuBDS
005 20230412182551.0
006 m|||||o||d||||||||
007 cr |||||||||||
008 190826s2019 enka fob 000|0|eng|d
020 |a 9781789692815 (PDF ebook) :  |c No price 
040 |a StDuBDS  |b eng  |c StDuBDS  |e rda  |e pn 
041 0 |a eng  |a fre 
050 4 |a GN776.2.A1 
082 0 4 |a 936.01  |2 23 
245 0 3 |a La parure en callaïs du néolithique européen /  |c sous la direction de Guirec Querré, Serge Cassen et Emmanuelle Vigier ; préface d'Yves Coppens. 
264 1 |a Summertown, Oxford :  |b Archaeopress Publishing Ltd.,  |c 2019. 
300 |a 1 online resource (viii, 634 pages) :  |b illustrations (colour) 
336 |a text  |2 rdacontent 
336 |a still image  |2 rdacontent 
337 |a computer  |2 rdamedia 
338 |a online resource  |2 rdacarrier 
500 |a "Available in both print and Open Access"--Homepage. 
504 |a Includes bibliographical references. 
520 8 |a Callaïs refers to the green stones from which the remarkable ornaments discovered in several Neolithic sites in Western Europe are made. This volume brings together the contributions of the best European specialists in callas̈, variscite and turquoise, who spoke at a symposium on this ancient gemstone held in April 2015 in Carnac. 
521 |a Specialized. 
546 |a Text in English and French. 
588 |a Description based on online resource; title from PDF title page (viewed on November 20, 2019). 
650 0 |a Neolithic period  |z Europe. 
650 0 |a Precious stones  |z Europe  |x History. 
650 0 |a Excavations (Archaeology)  |z Europe. 
651 0 |a Europe  |x Antiquities. 
700 1 |a Querré, G.  |q (Guirec),  |e editor. 
700 1 |a Cassen, Serge,  |e editor. 
700 1 |a Vigier, Emmanuel,  |e editor. 
776 0 8 |i Print version :  |z 9781789692808 
856 4 0 |3 Archaeopress  |u http://library.arce.org:8087/Archaeopress/Products/9781789692808 
942 |2 lcc  |c EBOOK 
952 |0 0  |1 0  |4 0  |6 GN07762 A1  |7 1  |9 46581  |a ARCH  |b ARCH  |d 2023-04-12  |l 0  |o GN776.2.A1  |r 2023-04-12 00:00:00  |w 2023-04-12  |y EBOOK 
999 |c 52239  |d 52239